logo

Bir Sreshtho Munshi Abdur Rouf Library
Jhenaidah Cadet College

Never eat alone : (Record no. 14222)

MARC details
000 -LEADER
fixed length control field 00692nam a2200241 a 4500
001 - CONTROL NUMBER
JCCL Control Number 14222
003 - CONTROL NUMBER IDENTIFIER
JCCL marc code BD-JhCC
005 - DATE AND TIME OF LATEST TRANSACTION
control field 20250213105003.0
008 - FIXED-LENGTH DATA ELEMENTS--GENERAL INFORMATION
fixed length control field 250209b20052014E a|||| ||a| 000 0 eng d
020 ## - INTERNATIONAL STANDARD BOOK NUMBER
International Standard Book Number 0385512058
035 ## - SYSTEM CONTROL NUMBER
system control number (BD-JhCC)14222
040 ## - CATALOGING SOURCE
Original cataloging agency BD-JhCC
Modifying agency BD-JhCC
041 ## - LANGUAGE CODE
Language code of Book english
082 ## - DEWEY DECIMAL CLASSIFICATION NUMBER
Classification number 650.1
Author mark and Year FER 2014
100 ## - MAIN ENTRY--PERSONAL NAME
Personal name Ferrazzi ,Keith
245 ## - TITLE STATEMENT
Title Never eat alone :
Remainder of title and other secrets to success, one relationship at a time /
Statement of responsibility, etc Keith Ferrazzi , Tahl Raz.
260 ## - PUBLICATION, DISTRIBUTION, ETC. (IMPRINT)
Place of publication, distribution, etc London:
Name of publisher, distributor, etc Portfolio Penguin;
Date of publication, distribution, etc 2014.
300 ## - PHYSICAL DESCRIPTION
Pagination 309 p .
Dimensions 21 cm.
650 ## - SUBJECT ADDED ENTRY--TOPICAL TERM
Topical term or geographic name as entry element Business networks
Chronological subdivision Interpersonal relations
700 ## - ADDED ENTRY--PERSONAL NAME
Personal name Raz , Tahl
942 ## - ADDED ENTRY ELEMENTS (KOHA)
Source of classification or shelving scheme Dewey Decimal Classification
Koha item type Books
Holdings
Source of classification or shelving scheme Damaged status Not for loan Home library Current library Shelving location Date of accession Source of acquisition Cost, normal purchase price Total Checkouts Full call number Barcode Date last seen Date checked out Copy number Method of acquisition Koha item type Currency
Dewey Decimal Classification     JCC Rouf Library JCC Rouf Library General Stacks   With the compliments of Maj (Retd) Syed Sakhawat Hussain,07/0388/K 100.00 1 650.1 FER 2014 19909 11/06/2025 10/09/2025 C-1 Gift/Donation Books BDT
Dewey Decimal Classification     JCC Rouf Library JCC Rouf Library General Stacks   With the compliments of Maj (Retd) Syed Sakhawat Hussain,07/0388/K 100.00   650.1 FER 2014 19910 02/13/2025   C-2 Gift/Donation Books BDT

JCC Library | Contacts | JCC Home

Last Update on 23 September 2017
Copyright @ 2017-2020 JCC Rouf Library
Rouf Library, Jhenidah Cadet College (JCC), Bangladesh